[Event "Fredericia Chess 2024 IM"]
[Site "Fredericia Denmark"]
[Date "2024.05.12"]
[Round "9.1"]
[White "Licznerski, Lukasz"]
[Black "Kopylov, Daniel"]
[Result "1/2-1/2"]
[WhiteElo "2418"]
[BlackElo "2368"]
[WhiteFideId "1179250"]
[BlackFideId "12921971"]
[SourceTitle "Live"]

1. e4   c5  2. Nf3   Nc6  3. d4   cxd4  4. Nxd4   e5  5. Nb5   d6  6. c4   Be7  7. Be2   f5  8. exf5   Bxf5  9. Bh5+   g6  10. Bg4  10... Nf6  11. Bxf5   gxf5  12. Bg5   O-O  13. O-O   Kh8  14. Kh1   Ng4  15. Bc1   a6  16. N5c3   Bg5  17. f3   Ne3  18. Bxe3   Bxe3  19. Nd5   Ba7  20. f4  20... Qh4  21. Nd2   e4  22. Nb3   Rg8  23. Qe1   Qg4  24. g3   Qg7  25. Qc3   Qxc3  26. Nxc3   Nb4  27. Rac1   Nd3  28. Rc2   Rac8  29. Nd5   b5  30. Na5  30... bxc4  31. Ne7   Rc5  32. Nxg8   Rxa5  33. Ne7   Rc5  34. g4   Rc7  35. Nxf5   d5  36. g5   Bc5  37. Nh6   Be3  38. Ng4   Bxf4  39. Nf6   Rc5  40. Nh5  40... d4  41. Nxf4   Nxf4  42. Rxf4   d3  43. Rg2   e3  44. g6   hxg6  45. Rxg6   Rh5  46. Re6   e2  47. Re7   Kg8  48. Rxc4   Rf5  49. Rd4   Rf7  50. Rd8+  50... Kg7  51. Ree8   Rf8  52. Rd7+   Kg8  53. Ree7   Rf7  54. Rd8+   Kg7  55. Ree8   Rf8  56. Rd7+   Kg8  57. Re3   Rf1+  58. Kg2   e1=Q 59. Rxe1   Rxe1  60. Rxd3  60... Re2+  61. Kg3   Rxb2  62. Ra3   Rb6  63. Kf4   Rh6  64. h3   Kf7  65. Kg5   Rc6  66. Ra5   Rg6+  67. Kh5   Rc6  68. h4   Kg7  69. a4   Rh6+  70. Kg4  70... Rc6  71. h5   Kh6  72. Kf4   Rb6  73. Ke4   Rc6  74. Kd4   Rf6  75. Ke4   Rc6  76. Kd4   Rf6  77. Kc4   Rf4+  78. Kd3   Rg4  79. Kc3   Rf4  80. Kb3  80... Rf3+  81. Kc4   Rf4+  82. Kc5   Kxh5  83. Rxa6   Kg5  84. a5   Rf5+  85. Kd4   Rf4+  86. Ke3   Ra4  87. Ra8   Kf6  88. a6   Kg7  89. Kd3 Rf4  90. Rb8  90... Ra4  91. Ra8   Rf4  92. Rc8   Ra4  93. Rc6   Kf7  94. Rh6   Kg7  95. Rb6   Kf7  96. Rh6   Kg7  97. Rb6   Kf7  98. Kc3   Ke7  99. Kb3   Ra1  100. Kb4  100... Kd7  101. Rb7+  10 Kc6  102. Rh7  10 Rxa6  103. Rh6+  10 Kb7  104. Rxa6  10 Kxa6  1/2-1/2

[Event "Fredericia Chess 2024 IM"]
[Site "Fredericia Denmark"]
[Date "2024.05.12"]
[Round "9.2"]
[White "Liu, Casper Yukun"]
[Black "Kopylov, Michael"]
[Result "1-0"]
[WhiteElo "2306"]
[BlackElo "2376"]
[WhiteFideId "1454153"]
[BlackFideId "14105080"]
[SourceTitle "Live"]

1. d4   Nf6  2. c4   c5  3. d5   e6  4. Nc3   exd5  5. cxd5   d6  6. Nf3   g6  7. Nd2   Bg7  8. e4   O-O  9. Be2   Re8  10. O-O  10... Na6  11. Re1   Nc7  12. a4   Rb8  13. f3   b6  14. Nc4   Ba6  15. Bg5   Qd7  16. Qd2   Bxc4  17. Bxc4   a6  18. e5   Rxe5  19. Rxe5   dxe5  20. d6  20... Ne6  21. Bxf6   Bxf6  22. Ne4   Bg7  23. a5   Nd4  24. axb6   Rxb6  25. Qa5   Rc6  26. Bxa6   f5  27. Bc4+   Kh8  28. Qa8+   Rc8  29. Nxc5   Qc6  30. Qxc6  30... Nxc6  31. Ra6   Nd8  32. b4   e4  33. Kf1   exf3  34. gxf3   Bd4  35. d7   Rb8  36. Ne6   Bf6  37. b5   Be7  38. Rc6   Rb7  39. Rc7   Rxc7  40. Nxc7  40... Kg7  41. b6   Bc5  42. Ne6+  1-0

[Event "Fredericia Chess 2024 IM"]
[Site "Fredericia Denmark"]
[Date "2024.05.12"]
[Round "9.3"]
[White "Kanov, Nikola Krasimirov"]
[Black "Skytte, Rasmus"]
[Result "1-0"]
[WhiteElo "2413"]
[BlackElo "2358"]
[WhiteFideId "2928531"]
[BlackFideId "1404210"]
[SourceTitle "Live"]

1. e4   c6  2. d4   d5  3. Nc3   dxe4  4. Nxe4   Nf6  5. Nxf6+   exf6  6. c3   Bd6  7. Bd3   O-O  8. Ne2   Re8  9. Qc2   h6  10. O-O  10... Nd7  11. Bd2   Qc7  12. h3   Nf8  13. c4   Be6  14. Rfe1   Qd7  15. f4   f5  16. Rad1   Rad8  17. Bc3   Bc7  18. Kh1   Bd6  19. Kg1   Bc7  20. Kh1  20... a6  21. Rf1   Qc8  22. b3   b5  23. Ba1   Bb6  24. Rc1   Qb8  25. d5   cxd5  26. c5   Bc7  27. Nd4   Qc8  28. Rf3   Ng6  29. Rcf1   Nh4  30. Rg3  30... f6  31. Qb2   Rf8  32. Qf2   g5  33. Re3   Bf7  34. Nc6   Rde8  35. fxg5   hxg5  36. Bxf6   Bf4  37. Ne7+   Rxe7  38. Rxe7   Qc6  39. Qd4   Ng6  40. Re2  40... Be8  41. Be7  1-0

[Event "Fredericia Chess 2024 IM"]
[Site "Fredericia Denmark"]
[Date "2024.05.12"]
[Round "9.4"]
[White "Ramsdal, Jens Albert"]
[Black "Easwaralingam, Adesh"]
[Result "1/2-1/2"]
[WhiteElo "2369"]
[BlackElo "2168"]
[WhiteFideId "1429221"]
[BlackFideId "1448552"]
[SourceTitle "Live"]

1. d4   Nf6  2. c4   e6  3. Nf3   d5  4. Nc3   dxc4  5. e4   Bb4  6. Bxc4   Nxe4  7. O-O   Nf6  8. Qa4+   Nc6  9. Ne5   Bd6  10. Nxc6  10... bxc6  11. Qxc6+   Bd7  12. Qf3   h6  13. Bf4   O-O  14. Be5   Rb8  15. b3   Rb6  16. Rfe1   Bc6  17. Qh3   Nd5  18. Nxd5   Bxd5  19. Bxd5   exd5  20. Qf3  20... Bxe5  21. Rxe5   c6  22. Rae1   Rb7  23. Qd3   Qa5  24. R1e2   Qb4  25. h4   a5  26. Re8   Rb8  27. R8e7   a4  28. bxa4   Qxa4  29. Qe3   Kh7  30. Qf4  30... Rbd8  31. Qe5   Kg8  32. f4   c5  33. dxc5   Qc4  34. Kh2   Qxc5  35. Re3   Qd6  36. Qd4   Kh7  37. Rg3   g6  38. Rge3   Rd7  39. Re8   Rd8  40. R8e5  40... Rd7  41. Rb3   Rc8  42. Rb5   Rc4  43. Qxd5   Qxd5  44. Rc5   Qxe5 45. Rxe5   Rd5  46. Rxd5   Rxf4  47. Kg3   Ra4  48. Rd2   Ra3+  1/2-1/2

[Event "Fredericia Chess 2024 IM"]
[Site "Fredericia Denmark"]
[Date "2024.05.12"]
[Round "9.5"]
[White "Koch Mueller, Oscar"]
[Black "Thorsen, Adrian Stenstrop"]
[Result "0-1"]
[WhiteElo "2054"]
[BlackElo "2188"]
[WhiteFideId "1447955"]
[BlackFideId "1473760"]
[SourceTitle "Live"]

1. d4   d5  2. c4   e6  3. Nc3   c6  4. e3   Nf6  5. Nf3   Nbd7  6. Qc2   Bd6  7. b3   O-O  8. Be2   b6  9. O-O   Bb7  10. Bb2  10... Rc8  11. Rad1   Qe7  12. e4   dxe4  13. Nxe4   Nxe4  14. Qxe4   Nf6  15. Qc2   Rfd8  16. Bd3   h6  17. Rfe1   Qc7  18. c5   Be7  19. Re5   Nd5  20. g3  20... Bf6  21. Rh5   Nb4  22. Bh7+   Kh8  23. Bd3   Kg8  24. Bh7+   Kh8  25. Qe4   bxc5  26. Bc1   cxd4  27. Bf4   c5  28. Qb1   Qc6  29. Rxh6   gxh6  30. Be5  30... Bxe5  31. Bg8   Kxg8  0-1